| 000 | 01716nam a2200529 i 4500 | ||
|---|---|---|---|
| 001 | 24474 | ||
| 003 | KOSZ 005 | ||
| 005 | 20200317112800.0 | ||
| 008 | 970510s1995 pl f |001 0 pol | ||
| 015 | _aUWD 1995/7116 | ||
| 020 | _a8301116412 | ||
| 035 | _a991000081179705066 | ||
| 035 | _a(PL-WaBN)b10063432-48omnis_nlop | ||
| 035 | _ab10063432 | ||
| 035 | _a(OCoLC)749310979 | ||
| 035 | _a(PL)b0000001006343 | ||
| 035 | _a(EXLNZ-48OMNIS_NETWORK)9910329629405606 | ||
| 040 |
_aWA N _cWA N _dKOSZ 005/EC |
||
| 041 | 1 |
_apol _heng |
|
| 046 | _k1995 | ||
| 080 | _a330.115 | ||
| 080 | _a519.86 | ||
| 080 | _a(075.8) | ||
| 100 | 1 |
_aChow, Gregory C. _d(1929- ) _eAutor |
|
| 245 | 1 | 0 |
_aEkonometria / _cGregory C. Chow ; przekł. [z ang.] Witold Jurek. |
| 246 | 1 |
_iTyt. oryg.: _aEconometrics, _f1983 |
|
| 260 |
_aWarszawa : _bWydaw. Naukowe PWN, _c1995 _e(Krak. : _fUJ). |
||
| 300 |
_a501, [2] s. ; _c24 cm. |
||
| 336 |
_2rdacontent _aTekst _btxt |
||
| 337 |
_2rdamedia _aBez urządzenia pośredniczącego _bn |
||
| 338 |
_2rdacarrier _aWolumin _bnc |
||
| 380 | _aKsiążki | ||
| 380 | _aPublikacje dydaktyczne | ||
| 385 |
_mPoziom nauczania _aSzkoły wyższe |
||
| 388 | _a1901-2000 | ||
| 388 | _a1989-2000 | ||
| 504 | _aBibliogr. przy rozdz. - Indeksy. | ||
| 650 | 7 |
_aEkonometria _2DBN |
|
| 655 | 7 |
_aPodręczniki akademickie _2DBN |
|
| 658 | _aGospodarka, ekonomia, finanse | ||
| 658 | _aMatematyka | ||
| 700 | 1 |
_aJurek, Witold _d(1949- ) _eTłumaczenie |
|
| 710 | 2 |
_aWydawnictwo Naukowe PWN _4pbl |
|
| 856 |
_uhttp://koha.tu.koszalin.pl/cgi-bin/koha/opac-detail.pl?biblionumber=24474 _yKatalog online BPK |
||
| 942 |
_2UKD _cKS |
||
| 999 |
_c24474 _d24474 |
||